| Поле | Инд. | ПП | Название | Значение |
|---|---|---|---|---|
| Тип записи | a | |||
| Библиографический уровень | m | |||
| 001 | Контрольный номер | RU/IS/BASE/370098449 | ||
| 005 | Дата корректировки | 20140703195912.4 | ||
| 040 | a | Служба первич. каталог. | НБ ТвГУ | |
| b | Код языка каталог. | rus | ||
| e | Правила каталог. | PSBO | ||
| 041 | 0_ | a | Код языка текста | rus |
| 080 | a | Индекс УДК | 1(470)(091) | |
| 084 | a | Индекс другой классификации/Индекс ББК | Ю3(2)6я031 | |
| 084 | a | Индекс другой классификации/Индекс ББК | С032.4я031 | |
| 090 | a | Полочн. индекс | Ю3(2)6 | |
| x | Авторский знак | В 49 | ||
| 100 | 1_ | a | Автор | Виноградов Андрей Иванович |
| q | Полное имя | Виноградов А. И. | ||
| 245 | 10 | a | Заглавие | Проблема субъекта истории в русской философии последней трети XIX - первой трети XX века: историко-философский анализ |
| b | Продолж. заглавия | автореф. дис. ... д.ф.н. : 09.00.03 | ||
| c | Ответственность | ГОУ ВПО "Мурм. гос. гуманит. ун-т", Каф. философии и социологии | ||
| 260 | a | Место издания | Москва | |
| b | Издательство | б. и. | ||
| c | Дата издания | 2011 | ||
| 300 | a | Объем | 43 с. | |
| 500 | a | Примечание | На правах рукоп. | |
| 504 | a | Библиография | Библиогр. в конце кн. (35 назв.) и в подстроч. примеч. | |
| 653 | a | Ключевые слова | 20 в. | |
| a | Ключевые слова | Авторефераты | ||
| a | Ключевые слова | Исторический процесс | ||
| a | Ключевые слова | История философии | ||
| a | Ключевые слова | Русская философия | ||
| a | Ключевые слова | Социальная философия | ||
| a | Ключевые слова | Субъекты исторического процесса | ||
| a | Ключевые слова | Философия | ||
| 901 | t | Тип документа | m | |
| 920 | a | Оператор | Густ | |
| 930 | a | Новая/Ретро | авторефераты | |
| 952 | c | Вид литературы | А/Р н | |
| 954 | a | Дата поступления на обработку | 20110929 |